| 000 | nam a22 7a 4500 | ||
|---|---|---|---|
| 999 |
_c97 _d97 |
||
| 005 | 20170417150958.0 | ||
| 008 | 170417b2010 at ||||| |||| 00| 0 eng d | ||
| 020 | _a9781921593062 | ||
| 040 | _aAKMAL | ||
| 082 | _a343.94055 AUS | ||
| 090 |
_a343.94055 _bAUS |
||
| 245 |
_aAUSTRALIAN GST LEGISLATION _bWITH OVERVIEW CURRENT TO 1 JANUARY 2010 |
||
| 250 | _a13TH EDITION | ||
| 300 | _c23cm | ||
| 650 |
_aLEGISLATION _9257 |
||
| 942 |
_2ddc _cBOOK |
||